[Event "Schwarzach op 27th"]
[Site "Schwarzach"]
[Date "2012.08.25"]
[Round "8"]
[White "Blechzin, Igor"]
[Black "Stephan, Axel"]
[Result "1/2-1/2"]
[WhiteElo "2446"]
[BlackElo "2188"]
[PlyCount "31"]
[EventDate "2012.08.18"]
[EventType "swiss"]
[EventRounds "9"]
[EventCountry "AUT"]
[SourceTitle "CBM 150 Extra"]
[Source "ChessBase"]
[SourceDate "2012.10.19"]
[SourceVersion "1"]
[SourceVersionDate "2012.10.19"]
[SourceQuality "1"]

1. d4 Nf6 2. Nf3 g6 3. c4 Bg7 4. g3 0-0 5. Bg2 c6 6. Nc3 d5 7. cxd5 cxd5 8. 0-0 e6 9. Bf4 Nc6 10. Ne5 Nxe5 11. Bxe5 Bd7 12. Rc1 Rc8 13. Qb3 Bc6 14. e3 Ng4 15. Bxg7 Kxg7 16. Ne2 1/2-1/2